Twelve rules for getting rich : dynamic secrets of finaucial success

Bibliographic Details
Main Author: Scrtt, Christopher
Format: Book
Published: Kuala Lumpur : Golden Books Centre , 1991
Series:An arant leadership guide
Subjects:

MARC

LEADER 00000cam a2200000 7i4500
001 0000004740
002 000005110
005 20000330.0
020 |a 9679959767 
090 0 0 |a 650.1   |b SCO 
100 1 |a Scrtt, Christopher 
245 1 0 |a Twelve rules for getting rich :   |b dynamic secrets of finaucial success   |c Christopher Scott 
260 |a Kuala Lumpur :   |b Golden Books Centre ,   |c 1991 
300 |a 72p. ;   |c 22cm. 
490 0 |a An arant leadership guide 
650 0 0 |a Money 
999 |a 035408   |b BUKU   |c PINJAMAN   |e PERPUSTAKAAN KOMUNITI PETALING JAYA